[Event "3rd EUR-ch (w)"]
[Site "Varna BUL"]
[Date "2002.05.27"]
[Round "1.1"]
[White "Khasanova, Elmira"]
[Black "Galliamova, Alisa"]
[Result "0-1"]
[WhiteElo "2256"]
[BlackElo "2500"]
[EventDate "2002.05.27"]
[PlyCount "102"]

1.e4 c5 2.c3 d5 3.exd5 Qxd5 4.d4 g6 5.Nf3 Bg7 6.Na3 cxd4 7.Bc4 Qd8 8.O-O 
Nh6 9.Qa4+ Nd7 10.Nxd4 O-O 11.Bg5 Nf6 12.Rad1 Qc7 13.Rfe1 a6 14.Qb4 e5 15.
Ne2 Nf5 16.Nc2 b5 17.Bb3 Bb7 18.Ne3 Nxe3 19.Bxe3 Qc6 20.f3 a5 21.Qc5 a4 
22.Bc2 Nd5 23.Qxc6 Bxc6 24.Bc5 Rfd8 25.a3 f5 26.Nc1 Re8 27.Nd3 Rad8 28.Nb4
Nxb4 29.Bxb4 Bf6 30.Ba5 Rxd1 31.Rxd1 Be7 32.Bb6 Rb8 33.Be3 Kf7 34.Kf1 Kf6 
35.Bb1 g5 36.Ke2 h5 37.h3 Rh8 38.Rh1 Rd8 39.h4 gxh4 40.Rxh4 Rg8 41.Kf1 Kg6
42.Rh2 h4 43.Bf2 Rh8 44.Ke2 Bf6 45.Bd3 e4 46.fxe4 fxe4 47.Bc2 Kf5 48.Rh3 
Rg8 49.Kf1 Rg4 50.g3 hxg3 51.Rxg3 Rf4 0-1

[Event "3rd EUR-ch (w)"]
[Site "Varna BUL"]
[Date "2002.05.27"]
[Round "1.2"]
[White "Kovalevskaya, Ekaterina"]
[Black "Muzychuk, Anna"]
[Result "1-0"]
[WhiteElo "2482"]
[BlackElo "2256"]
[EventDate "2002.05.27"]
[PlyCount "75"]

1.e4 d5 2.exd5 Nf6 3.Bb5+ Bd7 4.Be2 Nxd5 5.d4 Bf5 6.Nf3 e6 7.O-O Be7 8.a3 
O-O 9.c4 Nb6 10.Nc3 Bf6 11.Be3 Nc6 12.h3 Qd7 13.b4 Rad8 14.Ra2 Nxd4 15.
Nxd4 Bxd4 16.Rd2 e5 17.Nb5 Qe7 18.Nxd4 exd4 19.Rxd4 Rxd4 20.Qxd4 Rd8 21.
Qc3 Qe6 22.Re1 Qg6 23.Bf3 c6 24.Bxb6 axb6 25.Qd4 Ra8 26.Qxb6 h6 27.Qxb7 
Rxa3 28.Qxc6 Qg5 29.b5 Qd2 30.Qe8+ Kh7 31.Qe2 Qb4 32.Be4 Bg6 33.Rb1 Qa4 
34.b6 Ra1 35.Bxg6+ fxg6 36.Qb2 Ra2 37.Qb3 Qa5 38.b7 1-0

[Event "3rd EUR-ch (w)"]
[Site "Varna BUL"]
[Date "2002.05.27"]
[Round "1.3"]
[White "Richards, Heather"]
[Black "Peptan, Corina-Isabela"]
[Result "1-0"]
[WhiteElo "2252"]
[BlackElo "2480"]
[EventDate "2002.05.27"]
[PlyCount "146"]

1.e4 c5 2.c3 d5 3.exd5 Qxd5 4.d4 Nf6 5.Be3 cxd4 6.cxd4 e6 7.Nc3 Qd8 8.Nf3 
Be7 9.Bd3 O-O 10.O-O b6 11.Qe2 Bb7 12.Rad1 Nd5 13.Bb1 Nd7 14.Rfe1 N7f6 15.
Ng5 Nxc3 16.bxc3 h6 17.Nf3 Rc8 18.Bd2 Qd5 19.Qd3 Rfd8 20.Rc1 Bd6 21.h3 Qh5
22.Nh2 Qd5 23.f3 Qc4 24.Ng4 Qxd3 25.Nxf6+ gxf6 26.Bxd3 Kg7 27.Kf2 Ba3 28.
Rb1 Bd5 29.Re3 Bd6 30.g3 Rc7 31.Rb2 f5 32.f4 Kf6 33.Rc2 Rdc8 34.Ba6 Rg8 
35.c4 Be4 36.Rc1 Ke7 37.a3 Rb8 38.Rec3 Kf8 39.Be3 Be7 40.Rb3 Rd8 41.c5 Bf6
42.Rb4 bxc5 43.dxc5 Bc6 44.a4 Rcd7 45.Bb5 Rb7 46.Rcb1 Rdb8 47.Bd2 Be4 48.
c6 Rc7 49.Rc1 Be7 50.Rd4 a6 51.Ba5 Rcc8 52.c7 axb5 53.cxb8=Q Rxb8 54.axb5 
Rxb5 55.Rc8+ Kg7 56.Bc3 Bf6 57.Rb4 Rd5 58.Bxf6+ Kxf6 59.Rc3 Rd2+ 60.Ke3 
Rh2 61.h4 Rg2 62.Kd4 Rd2+ 63.Ke3 Rg2 64.Kd4 Rd2+ 65.Kc5 Rd8 66.Rb6 Kg6 67.
Rd6 Rf8 68.Kd4 Bd5 69.Rd7 Kh5 70.Ke5 Kg4 71.Kf6 h5 72.Ra7 Ra8 73.Rxf7 Kh3 
1-0

[Event "3rd EUR-ch (w)"]
[Site "Varna BUL"]
[Date "2002.05.27"]
[Round "1.4"]
[White "Stefanova, Antoaneta"]
[Black "Bogza, Adina"]
[Result "1-0"]
[WhiteElo "2473"]
[BlackElo "2251"]
[EventDate "2002.05.27"]
[PlyCount "99"]

1.d4 g6 2.e4 Bg7 3.Nc3 d6 4.Be3 Nf6 5.Qd2 c6 6.Nf3 Qa5 7.h3 O-O 8.Bd3 e5 
9.dxe5 dxe5 10.O-O Rd8 11.Rfd1 Be6 12.Ng5 Nbd7 13.Nxe6 fxe6 14.Bc4 Nf8 15.
Qe1 b5 16.Bb3 a6 17.a4 Qb4 18.Rxd8 Rxd8 19.Bb6 Re8 20.axb5 axb5 21.Ra6 
N8d7 22.Ba5 Qc5 23.Nd1 Bf8 24.c3 Qd6 25.Bb4 Nc5 26.Bxc5 Qxc5 27.Qe3 Nd7 
28.Qd2 Nb8 29.Ra8 Qe7 30.Ne3 c5 31.Ng4 Bg7 32.Qe3 h5 33.Nh2 Kh7 34.Nf3 Bh6
35.Qe1 c4 36.Bc2 Nc6 37.Qa1 Bf4 38.Rxe8 Qxe8 39.g3 Bh6 40.Qa6 Nb8 41.Qb7+ 
Bg7 42.Nxe5 Kh6 43.Qf7 Qxf7 44.Nxf7+ Kh7 45.Ng5+ Kg8 46.Nxe6 Bf6 47.Nc7 b4
48.Nd5 b3 49.Bd1 Nd7 50.Be2 1-0

[Event "3rd EUR-ch (w)"]
[Site "Varna BUL"]
[Date "2002.05.27"]
[Round "1.5"]
[White "Kaps, Darja"]
[Black "Peng Zhaoqin"]
[Result "0-1"]
[WhiteElo "2251"]
[BlackElo "2472"]
[EventDate "2002.05.27"]
[PlyCount "78"]

1.e4 e6 2.d4 d5 3.Nc3 Nf6 4.e5 Nfd7 5.f4 c5 6.Nf3 Nc6 7.Be3 a6 8.Be2 b5 9.
O-O Qb6 10.Kh1 cxd4 11.Bxd4 Nxd4 12.Qxd4 Bc5 13.Qd3 Qc7 14.Ng5 Nb6 15.Nxh7
Bb7 16.Ng5 Nc4 17.Nf3 Ne3 18.Nd4 Bxd4 19.Qxd4 Nxc2 20.Qd2 Nxa1 21.Rxa1 Kf8
22.Rc1 Qb6 23.Bf3 Rc8 24.b4 g6 25.h3 Kg7 26.Kh2 d4 27.Ne4 Bxe4 28.Bxe4 
Rxc1 29.Qxc1 Qd8 30.Qd2 d3 31.Kg3 Qd4 32.Kf3 Rd8 33.Bb7 Qg1 34.a3 Qf1+ 35.
Ke3 Qa1 36.Be4 Qxa3 37.g4 Qa1 38.Bxd3 Qg1+ 39.Kf3 Qh1+ 0-1

[Event "3rd EUR-ch (w)"]
[Site "Varna BUL"]
[Date "2002.05.27"]
[Round "1.7"]
[White "Shaidullina, Sandugach"]
[Black "Maric, Alisa"]
[Result "1/2-1/2"]
[WhiteElo "2245"]
[BlackElo "2455"]
[EventDate "2002.05.27"]
[PlyCount "109"]

1.d4 Nf6 2.c4 e6 3.Nf3 b6 4.g3 Ba6 5.b3 Bb7 6.Bg2 Bb4+ 7.Bd2 a5 8.O-O O-O 
9.Bc3 d5 10.Ne5 Na6 11.Bb2 c6 12.Nc3 Rc8 13.Rc1 Re8 14.Nd3 Bf8 15.e4 Nb4 
16.Nf4 Nxe4 17.Nxe4 dxe4 18.a3 Nd3 19.Nxd3 exd3 20.Qxd3 Rc7 21.Rcd1 Rd7 
22.Qc2 Be7 23.Rd3 Qc7 24.Rfd1 Red8 25.h4 Bf6 26.Be4 g6 27.c5 Bg7 28.b4 Ba6
29.R3d2 axb4 30.axb4 Bb5 31.Bc3 Bc4 32.h5 Bd5 33.hxg6 hxg6 34.Ra1 Bxe4 35.
Qxe4 Rd5 36.Ra6 bxc5 37.bxc5 Qd7 38.Rda2 e5 39.Ra7 Qe6 40.R2a6 exd4 41.
Qxe6 fxe6 42.Ba5 d3 43.Rxc6 d2 44.Bxd2 Rxd2 45.Rxe6 Bd4 46.Rxg6+ Kf8 47.
Rh7 Ra8 48.Kg2 Rxf2+ 49.Kh3 Rf1 50.Rc7 Be5 51.Rb7 Rf7 52.c6 Rxb7 53.cxb7 
Ra3 54.Rg5 Bd6 55.Rg6 1/2-1/2

[Event "3rd EUR-ch (w)"]
[Site "Varna BUL"]
[Date "2002.05.27"]
[Round "1.8"]
[White "Khurtsidze, Nino"]
[Black "Georgieva, Liubka"]
[Result "1-0"]
[WhiteElo "2446"]
[BlackElo "2241"]
[EventDate "2002.05.27"]
[PlyCount "139"]

1.d4 Nf6 2.c4 g6 3.Nf3 Bg7 4.g3 d6 5.Bg2 O-O 6.O-O Nbd7 7.Nc3 e5 8.h3 c6 
9.e4 Qb6 10.d5 cxd5 11.cxd5 Nc5 12.Nd2 Bd7 13.Nb3 Na4 14.Nxa4 Bxa4 15.Be3 
Qb5 16.Qd2 Ne8 17.Na5 Qd7 18.Rfc1 f5 19.Qb4 Bb5 20.a4 Ba6 21.exf5 gxf5 22.
Ra3 Qf7 23.Rb3 f4 24.Bd2 Rd8 25.gxf4 exf4 26.Rf3 Bh6 27.Qe4 Ng7 28.Nc4 
Rfe8 29.Qd3 Rd7 30.b4 b6 31.Nxd6 Rxd6 32.Qxa6 Rg6 33.Rc8 Qxd5 34.Rxe8+ 
Nxe8 35.Qd3 Nf6 36.Qxd5+ Nxd5 37.Kf1 Kf7 38.Rd3 Nf6 39.Bf3 Ke6 40.Rd4 Kf5 
41.Rc4 Rg7 42.Bc3 Re7 43.Rc6 Bg7 44.a5 bxa5 45.bxa5 h5 46.Bd1 Kg5 47.Bc2 
f3 48.Bxf6+ Bxf6 49.h4+ Kxh4 50.Rxf6 Rc7 51.Bd1 Rc1 52.Ke1 Ra1 53.a6 Kg5 
54.Rxf3 Rxa6 55.Rg3+ Kh6 56.Rh3 Ra5 57.Rh4 Kg6 58.Bf3 Rc5 59.Kf1 a5 60.Kg2
Rb5 61.Kg3 Rg5+ 62.Kh3 Rc5 63.Rd4 Rc3 64.Kg2 Kh6 65.Rd5 a4 66.Rxh5+ Kg6 
67.Ra5 a3 68.Be4+ Kf6 69.f3 Rb3 70.Kg3 1-0

[Event "3rd EUR-ch (w)"]
[Site "Varna BUL"]
[Date "2002.05.27"]
[Round "1.10"]
[White "Foisor, Cristina"]
[Black "Kadziolka, Beata"]
[Result "1-0"]
[WhiteElo "2437"]
[BlackElo "2235"]
[EventDate "2002.05.27"]
[PlyCount "71"]

1.c4 f5 2.g3 Nf6 3.Bg2 g6 4.Nc3 Bg7 5.e3 O-O 6.Nge2 e5 7.d3 d6 8.Qd2 Nc6 
9.b3 Be6 10.Bb2 Qd7 11.Nd5 Rae8 12.O-O Ne7 13.Nxf6+ Bxf6 14.d4 Qc8 15.d5 
Bd7 16.f4 g5 17.c5 Ng6 18.cxd6 cxd6 19.Rac1 Qd8 20.fxe5 Bxe5 21.Bxe5 Rxe5 
22.Nd4 Rfe8 23.Kh1 Qb6 24.Rc3 Qa5 25.Ne6 h6 26.Rf2 Kh8 27.Qd4 Bxe6 28.dxe6
Rxe6 29.Rxf5 Qxa2 30.Rc8+ Kg7 31.Rc7+ Kg8 32.Rf1 Ne7 33.Rxb7 Qe2 34.Qxa7 
Qxe3 35.Qb8+ Kg7 36.Qf8+ 1-0

[Event "3rd EUR-ch (w)"]
[Site "Varna BUL"]
[Date "2002.05.27"]
[Round "1.11"]
[White "Kouvatsou, Maria"]
[Black "Matveeva, Svetlana"]
[Result "1/2-1/2"]
[WhiteElo "2232"]
[BlackElo "2437"]
[EventDate "2002.05.27"]
[PlyCount "99"]

1.e4 e6 2.d4 d5 3.exd5 exd5 4.c4 Nf6 5.Nc3 Be7 6.Bd3 Nc6 7.Nf3 O-O 8.h3 
Be6 9.c5 b6 10.cxb6 axb6 11.O-O Nb4 12.Be2 Ne4 13.Bf4 c5 14.Nb5 c4 15.a3 
Na6 16.b3 Qd7 17.a4 f6 18.bxc4 dxc4 19.Qc2 Qc6 20.Rfc1 Rfc8 21.Nd2 Nxd2 
22.Qxd2 Bb4 23.Qe3 Bd5 24.Qg3 Qe8 25.Bf3 Qd7 26.Nd6 Bxd6 27.Bxd6 Rc6 28.
Rab1 Rd8 29.Bf4 Bxf3 30.Qxf3 Qd5 31.Qxd5+ Rxd5 32.Be3 Kf7 33.Rc3 Ra5 34.d5
Rxd5 35.Rxb6 Rxb6 36.Bxb6 Rd6 37.a5 Rc6 38.Kf1 Ke6 39.Ke2 Kd5 40.Kd2 Nc5 
41.Re3 g5 42.Kc2 h5 43.Re8 Nd7 44.Rd8 Ke6 45.Bd4 h4 46.Ra8 Kd5 47.Kc3 Nc5 
48.Rd8+ Ke6 49.Bxc5 Rxc5 50.a6 1/2-1/2

[Event "3rd EUR-ch (w)"]
[Site "Varna BUL"]
[Date "2002.05.27"]
[Round "1.12"]
[White "Bojkovic, Natasa"]
[Black "Koskoska, Gabriela"]
[Result "1/2-1/2"]
[WhiteElo "2431"]
[BlackElo "2229"]
[EventDate "2002.05.27"]
[PlyCount "96"]

1.c4 c5 2.g3 d5 3.cxd5 Qxd5 4.Nf3 e5 5.Nc3 Qe6 6.Bg2 Be7 7.O-O Bd7 8.d3 
Bc6 9.Be3 h5 10.Na4 b6 11.a3 h4 12.b4 hxg3 13.fxg3 Nh6 14.h3 Nf5 15.Bf2 
Nd7 16.e4 Nd4 17.Nxd4 exd4 18.bxc5 bxc5 19.Qc2 Rb8 20.Rab1 O-O 21.Rfc1 
Rfc8 22.h4 Rxb1 23.Rxb1 Bd6 24.Nb2 Qg6 25.Kh2 Qg4 26.Bh3 Qxh4 27.Nc4 Bc7 
28.Na5 Be5 29.Kg2 Qe7 30.Nxc6 Rxc6 31.Rb7 Rc7 32.Rxc7 Bxc7 33.Bxd7 Qxd7 
34.Qxc5 Bb6 35.Qc4 Qd6 36.a4 Qe5 37.Qc8+ Kh7 38.Qh3+ Kg6 39.Qd7 f6 40.Qc6 
Kf7 41.Qd7+ Kg6 42.Be1 Qc5 43.Bf2 Qe5 44.Kf3 Qc5 45.Qe8+ Kh7 46.Kg2 Qc3 
47.Qb5 Kg6 48.Kf3 Qd2 1/2-1/2

[Event "3rd EUR-ch (w)"]
[Site "Varna BUL"]
[Date "2002.05.27"]
[Round "1.13"]
[White "Ionica, Iulia-Ionela"]
[Black "Arakhamia-Grant, Ketevan"]
[Result "1/2-1/2"]
[WhiteElo "2228"]
[BlackElo "2425"]
[EventDate "2002.05.27"]
[PlyCount "105"]

1.e4 g6 2.d4 Bg7 3.Nc3 d6 4.Be3 a6 5.Qd2 Nd7 6.Nf3 b5 7.Bd3 c5 8.a4 b4 9.
Ne2 Qc7 10.Ng3 Bb7 11.c3 bxc3 12.bxc3 Ngf6 13.h3 O-O 14.O-O d5 15.e5 Ne4 
16.Bxe4 dxe4 17.Ng5 Qc6 18.N5xe4 f5 19.exf6 exf6 20.d5 Qxd5 21.Qxd5+ Bxd5 
22.Rfd1 Bc6 23.Nxc5 Nxc5 24.Bxc5 Rfc8 25.Bd4 a5 26.Ne2 Rab8 27.Nf4 Kf7 28.
Nd3 Be8 29.Nc5 Bf8 30.Ne4 Be7 31.h4 h6 32.Be3 f5 33.Nd6+ Bxd6 34.Rxd6 Rxc3
35.Ra6 Rc4 36.Ra7+ Ke6 37.Bxh6 Rxa4 38.Rxa4 Bxa4 39.Rxa5 Bc6 40.Bg5 Ra8 
41.Rc5 Kd6 42.Rc3 Ra4 43.Kh2 Bd5 44.Rd3 Ke6 45.Re3+ Re4 46.Ra3 Bb7 47.Rb3 
Bc6 48.Ra3 Ra4 49.Rc3 Bd7 50.Re3+ Re4 51.Ra3 Ra4 52.Re3+ Re4 53.Ra3 
1/2-1/2

[Event "3rd EUR-ch (w)"]
[Site "Varna BUL"]
[Date "2002.05.27"]
[Round "1.14"]
[White "Zhukova, Natalia"]
[Black "Agrest, Svetlana"]
[Result "1-0"]
[WhiteElo "2425"]
[BlackElo "2225"]
[EventDate "2002.05.27"]
[PlyCount "61"]

1.d4 d6 2.c4 f5 3.g3 Nf6 4.Bg2 g6 5.Nf3 Bg7 6.O-O O-O 7.Nc3 Nc6 8.d5 Na5 
9.Qa4 c5 10.dxc6 bxc6 11.c5 Nd7 12.cxd6 exd6 13.Rd1 Qc7 14.Nd4 Nc5 15.Qc2 
Ne6 16.Nxc6 Nxc6 17.Nb5 Nb4 18.Qxc7 Nxc7 19.Nxc7 Rb8 20.a3 Nc2 21.Ra2 Nd4 
22.Bd5+ Kh8 23.b4 Bb7 24.Be3 Rfc8 25.Rxd4 Rxc7 26.Bxb7 Rbxb7 27.Rxd6 Kg8 
28.Rad2 Kf7 29.Ra6 Be5 30.Rd5 Bf6 31.Rda5 1-0

[Event "3rd EUR-ch (w)"]
[Site "Varna BUL"]
[Date "2002.05.27"]
[Round "1.15"]
[White "Gasparian, Narine"]
[Black "Prudnikova, Svetlana"]
[Result "0-1"]
[WhiteElo "2204"]
[BlackElo "2422"]
[EventDate "2002.05.27"]
[PlyCount "48"]

1.d4 Nf6 2.Nf3 e6 3.c4 b6 4.a3 c5 5.Nc3 cxd4 6.Nxd4 Be7 7.e4 d6 8.Bd3 O-O 
9.O-O Bb7 10.Re1 Nbd7 11.Bf1 a6 12.Qf3 Rc8 13.b3 Qc7 14.Bb2 Qb8 15.Qg3 
Rfe8 16.Re3 Bf8 17.Qh4 Ne5 18.Rae1 Ng6 19.Qh3 Qa8 20.Bd3 Be7 21.Rg3 Rc5 
22.Rge3 Rg5 23.Nde2 Nh5 24.g4 f5 0-1

[Event "3rd EUR-ch (w)"]
[Site "Varna BUL"]
[Date "2002.05.27"]
[Round "1.16"]
[White "Vasylevich, Tatiana"]
[Black "Kharashkina, Bairta"]
[Result "1-0"]
[WhiteElo "2421"]
[BlackElo "2193"]
[EventDate "2002.05.27"]
[PlyCount "61"]

1.d4 f5 2.Nf3 g6 3.g3 Nf6 4.Bg2 Bg7 5.O-O O-O 6.c4 d6 7.Nc3 c6 8.d5 Bd7 9.
Rb1 Na6 10.b4 Qe8 11.dxc6 bxc6 12.b5 cxb5 13.cxb5 Nc5 14.Bb2 Nfe4 15.Nxe4 
Nxe4 16.Nd2 Nxd2 17.Qxd2 Rc8 18.a4 Rc7 19.Bxg7 Kxg7 20.Rfc1 Qb8 21.Rxc7 
Qxc7 22.Rc1 Qb6 23.Bc6 Bc8 24.a5 Qb8 25.b6 Ba6 26.Qb2+ e5 27.Bd5 axb6 28.
axb6 Kh6 29.Rc7 f4 30.Ra7 Qc8 31.b7 1-0

[Event "3rd EUR-ch (w)"]
[Site "Varna BUL"]
[Date "2002.05.27"]
[Round "1.17"]
[White "Johansson, Victoria"]
[Black "Gaponenko, Inna"]
[Result "0-1"]
[WhiteElo "2189"]
[BlackElo "2418"]
[EventDate "2002.05.27"]
[PlyCount "68"]

1.d4 Nf6 2.c4 g6 3.Nc3 Bg7 4.e4 d6 5.Nge2 O-O 6.Ng3 e5 7.d5 c6 8.Be2 cxd5 
9.cxd5 a6 10.O-O Nbd7 11.a4 h5 12.Bg5 Qe8 13.Qd2 Nh7 14.Be3 h4 15.Nh1 f5 
16.exf5 gxf5 17.f4 Qg6 18.Nf2 Ndf6 19.Kh1 Ng4 20.Nh3 Bd7 21.Bb6 Rae8 22.a5
Rf7 23.fxe5 dxe5 24.Bc4 Bh6 25.Qe2 Rg7 26.Rad1 Nhf6 27.d6+ Kh8 28.Nd5 Nxd5
29.Rxd5 Bc6 30.Rfd1 Nf6 31.Bc5 Reg8 32.R5d2 Bxd2 33.Rxd2 Qxg2+ 34.Qxg2 
Rxg2 0-1

[Event "3rd EUR-ch (w)"]
[Site "Varna BUL"]
[Date "2002.05.27"]
[Round "1.18"]
[White "Hunt, Harriet"]
[Black "Makka, Ioulia"]
[Result "1-0"]
[WhiteElo "2415"]
[BlackElo "2188"]
[EventDate "2002.05.27"]
[PlyCount "49"]

1.e4 c6 2.d4 d5 3.e5 Bf5 4.Nf3 e6 5.Be2 c5 6.Be3 Nd7 7.O-O Ne7 8.c4 dxc4 
9.Na3 Nd5 10.Nxc4 b5 11.Bg5 Qc7 12.Ne3 Nxe3 13.Bxe3 c4 14.a4 b4 15.Rc1 c3 
16.Qb3 c2 17.Ne1 Be4 18.f3 Bd5 19.Qxc2 Qxc2 20.Nxc2 Nb6 21.Bb5+ Nd7 22.Bd2
a5 23.Ne3 Bb7 24.Nc4 Ba6 25.Bxd7+ 1-0

[Event "3rd EUR-ch (w)"]
[Site "Varna BUL"]
[Date "2002.05.27"]
[Round "1.19"]
[White "Bednikova, Stefi"]
[Black "Alexandrova, Olga"]
[Result "0-1"]
[WhiteElo "2184"]
[BlackElo "2413"]
[EventDate "2002.05.27"]
[PlyCount "60"]

1.e4 c5 2.Nf3 e6 3.d4 cxd4 4.Nxd4 a6 5.c4 Nf6 6.Nc3 Bb4 7.Bd3 Nc6 8.Nxc6 
dxc6 9.O-O e5 10.Bg5 O-O 11.Qf3 Be7 12.Qg3 Nh5 13.Bxe7 Qxe7 14.Qe3 Nf4 15.
Ne2 Ne6 16.Rad1 Rd8 17.Bb1 Bd7 18.Rd2 Be8 19.Rfd1 Rxd2 20.Rxd2 Rd8 21.Qc3 
f6 22.Bc2 c5 23.Rxd8 Qxd8 24.Qd3 Qa5 25.Nc3 Nd4 26.f3 Qb4 27.b3 Qxc3 28.
Qxc3 Ne2+ 29.Kf2 Nxc3 30.a3 b5 0-1

[Event "3rd EUR-ch (w)"]
[Site "Varna BUL"]
[Date "2002.05.27"]
[Round "1.20"]
[White "Danielian, Elina"]
[Black "Zawadzka, Jolanta"]
[Result "1-0"]
[WhiteElo "2411"]
[BlackElo "2181"]
[EventDate "2002.05.27"]
[PlyCount "111"]

1.d4 Nf6 2.Nf3 g6 3.Bg5 Bg7 4.Nbd2 O-O 5.c3 d6 6.e4 c5 7.dxc5 dxc5 8.Bc4 
Nc6 9.O-O Qc7 10.Re1 a6 11.a4 Rb8 12.Qe2 Nh5 13.Qe3 b5 14.axb5 axb5 15.Bd5
Ne5 16.Nxe5 Bxe5 17.g3 Nf6 18.f4 Ng4 19.Qe2 Bg7 20.e5 h6 21.Bh4 h5 22.Ne4 
c4 23.h3 Nh6 24.Qf2 Nf5 25.Ra7 Qd8 26.Rd1 Be6 27.Nc5 Bxd5 28.Rd7 Qa5 29.
R7xd5 Nxh4 30.gxh4 Rfd8 31.Nd7 Rbc8 32.Kg2 Kh8 33.Qb6 Qa4 34.R1d2 Qa8 35.
Kg3 Bh6 36.e6 Rc6 37.Qd4+ Bg7 38.Ne5 Rcd6 39.Nxf7+ Kh7 40.Rxd6 Rxd6 41.
Ng5+ Kg8 42.Qe3 Qc6 43.Rxd6 Qxd6 44.Nf3 Bf6 45.Kf2 b4 46.Qe4 Qc5+ 47.Kg2 
Kg7 48.Ne5 Bxe5 49.Qxe5+ Qxe5 50.fxe5 bxc3 51.bxc3 Kh6 52.Kg3 g5 53.Kf3 
Kg6 54.Ke4 gxh4 55.Kf4 Kh6 56.Kf5 1-0

[Event "3rd EUR-ch (w)"]
[Site "Varna BUL"]
[Date "2002.05.27"]
[Round "1.21"]
[White "Papadopoulou, Vera"]
[Black "Sedina, Elena"]
[Result "0-1"]
[WhiteElo "2170"]
[BlackElo "2407"]
[EventDate "2002.05.27"]
[PlyCount "70"]

1.d4 Nf6 2.c4 c6 3.Nc3 d5 4.e3 a6 5.Qc2 g6 6.Bd3 Bg7 7.Nf3 O-O 8.O-O Bg4 
9.Ne5 Be6 10.c5 Nbd7 11.Nxd7 Qxd7 12.Bd2 Rae8 13.b4 Bf5 14.f4 Qe6 15.h3 
Bxd3 16.Qxd3 Ne4 17.g4 f5 18.Nxe4 dxe4 19.Qb3 Qxb3 20.axb3 Rd8 21.Bc3 h6 
22.Ra2 e6 23.Rg2 Kf7 24.Rff2 Bf6 25.Bd2 Rd5 26.Kh2 g5 27.gxf5 exf5 28.h4 
Rh8 29.Kh3 Ke6 30.Be1 gxf4 31.Rxf4 Bg5 32.Bf2 Bxf4 33.exf4 Kf7 34.Be3 Rdd8
35.Kh2 Rhg8 0-1

[Event "3rd EUR-ch (w)"]
[Site "Varna BUL"]
[Date "2002.05.27"]
[Round "1.22"]
[White "Mkrtchian, Lilit"]
[Black "Muller, Anne"]
[Result "1-0"]
[WhiteElo "2391"]
[BlackElo "2167"]
[EventDate "2002.05.27"]
[PlyCount "89"]

1.e4 c5 2.Nf3 d6 3.d4 cxd4 4.Nxd4 Nf6 5.Nc3 Nc6 6.f3 e6 7.Be3 Be7 8.Qd2 
O-O 9.O-O-O d5 10.exd5 Nxd5 11.Nxd5 exd5 12.Kb1 Re8 13.Bb5 Bd7 14.Nb3 Be6 
15.Qf2 a6 16.Bb6 Qd6 17.Bc5 Qc7 18.Bxc6 bxc6 19.Bxe7 Qxe7 20.Qc5 Bd7 21.
Qf2 Qe2 22.Qg3 Qb5 23.Qd6 Rad8 24.Rhe1 Be6 25.Qc5 Qxc5 26.Nxc5 Bc8 27.b4 
f6 28.Kb2 Kf7 29.Kc3 Re7 30.Rxe7+ Kxe7 31.Re1+ Kd6 32.Kd4 Rg8 33.Kc3 Bf5 
34.Nb7+ Kd7 35.g3 Rb8 36.Nc5+ Kd6 37.g4 Bc8 38.Re8 Kc7 39.Re7+ Kd6 40.Rxg7
a5 41.a3 axb4+ 42.axb4 Ra8 43.Rxh7 Ra2 44.Rh8 Be6 45.Rh6 1-0

[Event "3rd EUR-ch (w)"]
[Site "Varna BUL"]
[Date "2002.05.27"]
[Round "1.23"]
[White "Savova, Stefka"]
[Black "Grabuzova, Tatiana"]
[Result "0-1"]
[WhiteElo "2165"]
[BlackElo "2388"]
[EventDate "2002.05.27"]
[PlyCount "92"]

1.e4 e6 2.d3 d5 3.Nd2 Nf6 4.Ngf3 b6 5.g3 dxe4 6.dxe4 Bb7 7.Bb5+ Nbd7 8.Ne5
a6 9.Bc6 Bxc6 10.Nxc6 Qc8 11.Qe2 Qb7 12.Nd4 Ne5 13.N4f3 Ng6 14.e5 Ng4 15.
O-O h5 16.h3 Nh6 17.Qe4 O-O-O 18.Qxb7+ Kxb7 19.Ne4 Be7 20.Bxh6 gxh6 21.
Rad1 h4 22.gxh4 Rhg8 23.Rxd8 Rxd8 24.Kh2 Bxh4 25.Nxh4 Nxh4 26.Kg3 Ng6 27.
f4 Rd4 28.Re1 Ne7 29.Kf3 Nf5 30.Rg1 Rb4 31.b3 Nd4+ 32.Ke3 Nxc2+ 33.Kd3 
Rd4+ 34.Kxc2 Rxe4 35.Rg4 Kc6 36.Rh4 Kd5 37.Kd3 c5 38.Rxh6 Rxf4 39.Rh5 Rf5 
40.Rh7 Kxe5 41.Rh8 Rf2 42.a4 b5 43.axb5 axb5 44.Rh5+ Rf5 45.Rh4 Rf3+ 46.
Kc2 f5 0-1

[Event "3rd EUR-ch (w)"]
[Site "Varna BUL"]
[Date "2002.05.27"]
[Round "1.24"]
[White "Ovod, Evgenia"]
[Black "Galoian, Lilit"]
[Result "1-0"]
[WhiteElo "2379"]
[BlackElo "2163"]
[EventDate "2002.05.27"]
[PlyCount "91"]

1.d4 Nf6 2.c4 e6 3.Nc3 d5 4.Nf3 Be7 5.Bg5 O-O 6.Qc2 Nbd7 7.Rd1 b6 8.cxd5 
exd5 9.e3 Bb7 10.Bd3 c5 11.O-O Ne4 12.Bf4 g5 13.Bg3 f5 14.Bxe4 fxe4 15.Ne5
cxd4 16.exd4 Rc8 17.Qa4 Nxe5 18.dxe5 Rc4 19.Qxa7 Bc6 20.Rfe1 h5 21.e6 b5 
22.Rxe4 Bc5 23.e7 Bxa7 24.exd8=Q Rxd8 25.Re5 Rg4 26.Re7 Bc5 27.Rc7 Rc4 28.
Be5 Bd6 29.Rg7+ Kf8 30.Rxg5 b4 31.Ne2 Bxe5 32.Rxe5 Rg4 33.f3 Rg8 34.Nd4 
Rd6 35.Nxc6 Rxc6 36.Rexd5 Ke7 37.R1d2 h4 38.Kf2 h3 39.g4 Rc1 40.Rh5 Ra1 
41.Rxh3 Rxa2 42.Rh7+ Ke6 43.Rb7 Ra6 44.h4 Rf8 45.Kg3 Ra1 46.Rxb4 1-0

[Event "3rd EUR-ch (w)"]
[Site "Varna BUL"]
[Date "2002.05.27"]
[Round "1.25"]
[White "Milliet, Sophie"]
[Black "Pahtz, Elisabeth"]
[Result "1/2-1/2"]
[WhiteElo "2163"]
[BlackElo "2385"]
[EventDate "2002.05.27"]
[PlyCount "77"]

1.e4 c5 2.Nc3 a6 3.g3 b5 4.Bg2 Bb7 5.d3 e6 6.f4 Nf6 7.Nf3 b4 8.Ne2 Nc6 9.
O-O d6 10.h3 Qc7 11.g4 O-O-O 12.a3 Qb6 13.Be3 d5 14.e5 d4 15.Bf2 Nd5 16.
axb4 Qxb4 17.Ng5 Rd7 18.c3 Qb6 19.Ne4 Ne3 20.Bxe3 dxe3 21.Qc2 Be7 22.Rf3 
g5 23.fxg5 Nxe5 24.Rxe3 Rhd8 25.Nf6 Bxf6 26.Bxb7+ Kxb7 27.gxf6 Nxd3 28.c4 
h5 29.Ra3 Nb4 30.Qe4+ Ka7 31.Nc3 hxg4 32.hxg4 Rh8 33.Qe5 Nc2 34.Na4 Rd1+ 
35.Kf2 Qb7 36.Qxc5+ Kb8 37.Qe5+ Ka7 38.Qc5+ Kb8 39.Qe5+ 1/2-1/2

[Event "3rd EUR-ch (w)"]
[Site "Varna BUL"]
[Date "2002.05.27"]
[Round "1.26"]
[White "Kosintseva, Tatiana"]
[Black "Polushkina, Svetlana"]
[Result "1-0"]
[WhiteElo "2373"]
[BlackElo "2159"]
[EventDate "2002.05.27"]
[PlyCount "57"]

1.e4 c6 2.d4 d5 3.exd5 cxd5 4.c4 Nf6 5.Nc3 e6 6.Nf3 Bb4 7.Bd3 dxc4 8.Bxc4 
O-O 9.O-O a6 10.a4 Nc6 11.Re1 Ne7 12.Bg5 Bxc3 13.bxc3 Ned5 14.Qd3 Qd6 15.
Ne5 Bd7 16.Qg3 Bc6 17.Bd3 b5 18.Qh4 h6 19.Bxh6 gxh6 20.Qg3+ Ng4 21.Qxg4+ 
Kh8 22.Qe4 f5 23.Qh4 Kh7 24.Ng4 Nf4 25.Qxh6+ Kg8 26.Ne5 Nxd3 27.Nxd3 Bd5 
28.Qg6+ Kh8 29.Re3 1-0

[Event "3rd EUR-ch (w)"]
[Site "Varna BUL"]
[Date "2002.05.27"]
[Round "1.28"]
[White "Kononenko, Tatiana"]
[Black "Gerasimovich, Olga"]
[Result "1-0"]
[WhiteElo "2370"]
[BlackElo "2153"]
[EventDate "2002.05.27"]
[PlyCount "57"]

1.d4 d5 2.c4 c6 3.Nf3 Nf6 4.e3 g6 5.Nc3 Bg7 6.Bd3 O-O 7.O-O Bg4 8.h3 Bxf3 
9.Qxf3 e6 10.Rd1 Nbd7 11.Bd2 Re8 12.Be1 Rc8 13.Rac1 a6 14.a4 Qe7 15.a5 e5 
16.dxe5 Nxe5 17.Qe2 Nxd3 18.Qxd3 Rcd8 19.Na4 dxc4 20.Qxc4 Nd5 21.Rd3 Be5 
22.Rcd1 Bc7 23.Nc5 Qe5 24.g3 Qxb2 25.e4 Ne7 26.Bc3 Qb5 27.Rxd8 Rxd8 28.
Rxd8+ Bxd8 29.Qd4 1-0

[Event "3rd EUR-ch (w)"]
[Site "Varna BUL"]
[Date "2002.05.27"]
[Round "1.29"]
[White "Smochina, Carolina"]
[Black "Lomineishvili, Maia"]
[Result "0-1"]
[WhiteElo "2143"]
[BlackElo "2370"]
[EventDate "2002.05.27"]
[PlyCount "80"]

1.c4 e5 2.Nc3 Bb4 3.g3 Bxc3 4.dxc3 d6 5.e4 Nc6 6.Be3 Be6 7.Nh3 h6 8.f3 f5 
9.Nf2 Nf6 10.exf5 Bxf5 11.Bd3 Qd7 12.Qc2 Ne7 13.Ne4 O-O 14.O-O Qc6 15.Rae1
Nxe4 16.fxe4 Bh3 17.Rxf8+ Rxf8 18.Qb3 a6 19.c5+ Kh8 20.cxd6 Qxd6 21.Be2 
Ng6 22.Rd1 Qe6 23.Qd5 Nf4 24.gxf4 Qg6+ 25.Kf2 exf4 26.Bxf4 Rxf4+ 27.Ke3 
Rf8 28.Kd2 Rf2 29.Re1 Bg4 30.Ke3 Rxh2 31.Bxg4 Qxg4 32.Kd3 Rxb2 33.e5 Qf4 
34.Qe4 Qd2+ 35.Kc4 b5+ 36.Kc5 Qxc3+ 37.Kd5 Rb4 38.e6 Qd2+ 39.Ke5 Rxe4+ 40.
Rxe4 Qd6+ 0-1

[Event "3rd EUR-ch (w)"]
[Site "Varna BUL"]
[Date "2002.05.27"]
[Round "1.30"]
[White "Slavina, Irina"]
[Black "Lomakina, Galia"]
[Result "1-0"]
[WhiteElo "2370"]
[BlackElo "2142"]
[EventDate "2002.05.27"]
[PlyCount "63"]

1.d4 Nf6 2.c4 g6 3.Nc3 Bg7 4.e4 d6 5.f4 O-O 6.Nf3 Bg4 7.Be3 Na6 8.Be2 c5 
9.d5 Nc7 10.O-O Rb8 11.a4 a6 12.Bd3 b5 13.axb5 axb5 14.cxb5 Bd7 15.Qe2 e6 
16.dxe6 Nxe6 17.f5 Nc7 18.Bf4 d5 19.Ra7 Nxb5 20.Bxb5 Rxb5 21.Nxb5 dxe4 22.
Ne5 Bxb5 23.Qxb5 Qd4+ 24.Kh1 Nh5 25.Nc6 Qxb2 26.Qxb2 Bxb2 27.Bh6 Bg7 28.
Bxg7 Kxg7 29.g4 Nf6 30.g5 Ng4 31.f6+ Kh8 32.Rfa1 1-0

[Event "3rd EUR-ch (w)"]
[Site "Varna BUL"]
[Date "2002.05.27"]
[Round "1.31"]
[White "Zlatanova, Emilia"]
[Black "Shumiakina, Tatiana"]
[Result "0-1"]
[WhiteElo "2137"]
[BlackElo "2366"]
[EventDate "2002.05.27"]
[PlyCount "80"]

1.e4 c5 2.Nc3 Nc6 3.g3 g6 4.Bg2 Bg7 5.d3 d6 6.Nh3 e6 7.Be3 Nge7 8.f4 O-O 
9.g4 f5 10.gxf5 exf5 11.Qd2 Rb8 12.e5 b6 13.exd6 Qxd6 14.O-O-O Nd4 15.Ng5 
b5 16.Rde1 b4 17.Nb1 Nd5 18.h4 h6 19.Nf3 Nxf3 20.Bxf3 Bb7 21.h5 Nxe3 22.
Qxe3 Bd4 23.Qe2 Rbe8 24.Qg2 Rxe1+ 25.Rxe1 Bxf3 26.Qxf3 g5 27.Nd2 g4 28.Qg3
Qd5 29.Nc4 Qf7 30.Qh4 Re8 31.Rxe8+ Qxe8 32.Kd1 Kg7 33.Qh1 Qd7 34.Qg2 Kh7 
35.Qh1 Bg7 36.Qe1 Qc6 37.Ne5 Qg2 38.Ng6 Qf3+ 39.Kd2 g3 40.Qe3 Bc3+ 0-1